000 00349nam a22001457a 4500
003 OSt
005 20160727222356.0
008 160622b xxu||||| |||| 00| 0 eng d
040 _cTest
100 _9537
_aDoyle, F
245 _aJughead. Foot Loose Folly
260 _aN.V. Archie Comic
_c1992
300 _aJughead. Foot Loose Folly
942 _2ddc
_cBK
999 _c448
_d448